00617nam a2200157 a 450000100100000000500170001000800410002702000150006804000250008310000330010824500470014126001080018830000410029695201050033799900170044200004337420201002040846.0140312s2005 sp af 000 0 spa d a8481812595 aDO-SdBNPbspacBNPHU1 aGonzález, Francisco97103613aEl Camino del Sol /cFrancisco González. amadrid :bMinisterio de Cultura, Dirección General de Cooperación y Comunicación Cultural,c2005. a206 p. [201] lám. :bil. ;c27 cm. 001050718MOaGRbGRcCTd2014-03-12iLF1l0o p43374-10r2020-06-25w2020-06-25y1ZNo se presta c42863d42863